000 01303nab a2200229 i 4500
001 768714001
003 CO-MdFUSB
005 20240612100649.0
008 240612t1959 sp ||||| |||| 00| 0 spa d
040 _bspa
_cCO-MdFUSB
_dCO-MdFUSB
041 _aspa
100 _aArias, Luis,
_eautor
245 _aBoletín de Teología Dogmática :
_bteología de la gracia
_c/ Luis Arias
520 _aEl estudio de Ia gracia adquiere volumen insospechado en los últimos lustros. Es preciso limitarse a Io esencial y en breves informes orientar al lector. Signo de Ia teología moderna es Ia preocupación por Io vital y perenne, pues Ia Dogmática —así opinan en ciertos sectores— tal como se enseña en nuestros seminarios y universidades dista infinito del ideal de Ia ciencia de Dios. Discutir añejos problemas durante meses enteros es, a todas luces, perder el tiempo y aburrir a los oyentes con especulaciones estériles.
650 7 _aTeología dogmática
_96937
650 7 _aDios
_9178
650 0 _aSalvación
_948
653 _aTeología de la gracia
773 0 _070126
_982747
_dSalamanca, España :
_oR2622
_tSalmanticensis
_w(CO-MdFUSB)768714001
_gVolumen 6, (fascículo 1, 1959) páginas: 199 - 245
_qpágina: 199
942 _cANA
945 _aCatherine Arias Álvarez - Practicante SENA
999 _c70149
_d70149